| 000 | 00767nam a22002293a 4500 | ||
|---|---|---|---|
| 005 | 20240416064129.0 | ||
| 008 | 010531s1998 mx fr 000 0 spa d | ||
| 020 | _a8478690573 | ||
| 035 | _aUPN01000116983 | ||
| 049 | _aCG | ||
| 050 | 4 |
_aLB1131 _bP7.6 no.16 |
|
| 100 | 1 |
_aYuste Hernanz, Carlos _929510 |
|
| 245 | 1 | 0 |
_aComprensión del lenguaje / _cCarlos Yuste Hernanz, Juan Miguel S. Quiros. |
| 260 |
_aMadrid : _bCEPE, _c1998. |
||
| 300 |
_a95 p. : _bil. |
||
| 440 | 0 |
_aProgresint ; _v16 |
|
| 500 | _a"Primaria 4º- 5º- 6º. Nivel 3" | ||
| 500 | _a"Programas para la estimulación de las habilidades de la inteligencia" | ||
| 650 | 4 |
_aLenguaje y lenguas _xEstudio y enseñanza (Elemental) _97681 |
|
| 700 | 1 |
_aQuiros, Juan Miguel S. _ecoaut. |
|
| 905 | _aLibro | ||
| 999 |
_c89611 _d89611 |
||